000 00697nam a22002417a 4500
001 84597
003 UA-OsUOA
005 20200211183538.0
007 ta
008 20120606b un ||||| |||| 00| 0 ukr d
040 _aUA-OsUOA
_bukr
_cUA-OsUOA
_dUA-OsUOA
041 _aukr
080 _a821.161.2
090 _a821.161.2
_bС51
100 _aСмолій І.
245 _aЗрада: оповідання
260 _aБуенос-Айрес
_bЮліяна Середяка
_c1959
300 _a152 с.
650 7 _a82 Література. Літературознавство
_2UDC
942 _cBK
_2udc
955 _a3
999 _c370913
_d370913